Country by Landscape #2 - Statistics

General Stats
  • This quiz has been taken 95 times
  • The average score is 7 of 16
Answer Stats
Picture Answer % Correct
France
84%
India
76%
Kenya
71%
Argentina
62%
New Zealand
57%
Russia
49%
Ireland
47%
Yemen
37%
Bolivia
35%
Egypt
35%
The Bahamas
34%
Cambodia
30%
Democratic Republic of the Congo
28%
Costa Rica
22%
Fiji
22%
Uzbekistan
22%
No matching quizzes found
Score Distribution
Percent of People with Each Score
Percentile by Number Answered
Your Score History
You have not taken this quiz